000 00280nam a22001337a 4500
003 SGT
020 _a978-1-78713-674-8
082 _a747
_bBRU
100 _aBRUCE, ALEXANDRA
245 _aSUSTAINABLE STYLE
260 _aUSA
_bLOVE PURD
_c2021
300 _a223
942 _2ddc
_cBK
999 _c24720
_d24720